La Qualitat ecològica del Besòs i el Llobregat : informe 1994 - 1995 / Narcís Prat ... [et al.] informe 1994 - 1995 / Narcís Prat ... [et al.]
Descripción Física:
102 p. : amb gràf. estadístiques ; 30 cm
Otros Autores:
Prat i Fornells, Narcís
MARC
| LEADER | 00000nam a2200000Ia 4500 | ||
|---|---|---|---|
| 001 | 11458 | ||
| 008 | 160829s1996 xx 000 0 cat d | ||
| 080 | |a C-1-15 | ||
| 245 | |a La Qualitat ecològica del Besòs i el Llobregat : |b informe 1994 - 1995 / Narcís Prat ... [et al.] | ||
| 260 | |a Barcelona : |b Diputació de Barcelona. Àrea de Medi Ambient, |c 1996 | ||
| 300 | |a 102 p. : |b amb gràf. estadístiques ; |c 30 cm | ||
| 490 | |a Estudis de la qualitat ecològica dels rius ; 1 | ||
| 650 | 0 | |a Ecologia fluvial |z Besòs (Catalunya : Curs d'aigua) |9 17662 | |
| 650 | |a Ecologia fluvial |x Llobregat (Riu) |9 33379 | ||
| 650 | 0 | |a Aigua |x Contaminació |z Llobregat (Catalunya : Curs d'aigua) |9 33381 | |
| 651 | 0 | |a Besòs (Catalunya : Curs d'aigua) |x Condicions mediambientals |9 54299 | |
| 700 | 1 | |a Prat i Fornells, Narcís |9 38638 | |
| 710 | |a Barcelona (Catalunya : Província). |b Àrea de Medi Ambient |9 52987 | ||
| 901 | |a Arxiu | ||
| 942 | |n 1 | ||
| 952 | |0 0 |1 0 |4 0 |6 C115 |7 1 |9 47543 |a Arxiu |b Arxiu |d 2016-12-01 |l 0 |o C-1-15 |p 11458 |r 2016-12-01 00:00:00 |w 2016-12-01 |y ARXIU | ||
| 999 | |c 51342 |d 51342 | ||